000 00234nam a22000857a 4500
008 170626b xxu||||| |||| 00| 0 eng d
100 _93707
_aMittal R. S
245 _aLab Manual physics part XII
260 _aNew Delhi
_bArya Publication
_c2009
999 _c7128
_d7128